| 000 | 00658nam a2200205 i 4500 | ||
|---|---|---|---|
| 001 | 145169 | ||
| 003 | ES-MaACL | ||
| 005 | 20250823100555.0 | ||
| 007 | t| | ||
| 008 | 070214q1947 sp r ||||1| spa d | ||
| 100 | 1 |
_aSopeña Ibáñez, Federico, _d1917-1991 _9107321 |
|
| 245 | 1 | 0 |
_aHistoria de la música en cuadros esquemáticos / _cFederico Sopeña Ibáñez. |
| 260 |
_aMadrid : _bEdiciones y Publicaciones Españolas, _c[1947?] ( _fArtes Gráf. Benzal) |
||
| 300 |
_a139 p. ; _c30 cm. |
||
| 490 | 1 | _aSinopsis | |
| 650 | 4 |
_aMúsica- _vHistoria _915391 |
|
| 830 | 1 |
_aSinopsis _9182525 |
|
| 852 |
_aES-MaACL _jB-774 |
||
| 999 |
_c145169 _d145169 |
||